Movies Quiz

Random Movies or Clickable Quiz
Score 0/40 Timer 04:00
5 Plays Today
% Correct
Forrest
98.7%
Apollo
98%
Brokeback
97.5%
One Flew Over
97.1%
Dead Poets
97.1%
12 Angry
97%
Dances with
96.6%
Good
96.6%
Citizen
96.4%
American
95.9%
Apocalypse
95.4%
A Beautiful
94.9%
The Social
94.5%
Taxi
94.4%
A Streetcar
94.3%
There Will
94.3%
Malcolm
93.6%
What's Eating
93.3%
Being
93.1%
Walk
92.7%
% Correct
Finding
92.1%
Wuthering
91.9%
Sophie's
91.8%
Silver Linings
91.2%
The Manchurian
88%
The African
86.2%
Cyrano de
83.4%
How Green Was
83.4%
Michael
83.4%
Revolutionary
83.3%
On Golden
80.2%
Grand
79.6%
Mulholland
79.3%
My Own
77.9%
Three Colors:
74.2%
Wild
73.7%
Bicycle
68.8%
Inside
67.1%
Cinema
65.3%
Fruitvale
60.1%
Remove Ads.
Support Sporcle.
Get the best of Sporcle when you Go Orange. This ad-free experience offers more features, more stats, and more fun while also helping to support Sporcle. Thank you for becoming a member.

You're not logged in!

Compare scores with friends on all Sporcle quizzes.
OR
Log In

Sporcle TV

Today on Sporcle TV


Watch our educational content, quiz creation guides, and fun videos on Sporcle TV.

Show Comments

Extras

Top Quizzes Today


Score Distribution

Paid Content

Your Account Isn't Verified!

In order to create a playlist on Sporcle, you need to verify the email address you used during registration. Go to your Sporcle Settings to finish the process.

Report this User

Report this user for behavior that violates our Community Guidelines.

Details: